LEADER 01901nas# 22003371i 450 001 UON00136956 005 20231205102825.45 011 $a0000-1074 100 $a20020107b19881999 |0itac50 ba 101 $aeng 102 $aUS 105 $a||||b ||||| 110 $aaQ||||||||| 200 1 $aUlrich's update$ea quarterly supplement to Ulrich's International Periodicals Directory 207 $aVol. 1, no. 1 (Sept. 1988)-[vol. 11, no. 2 (July 1999)] 210 $aNew York$cR.R. Bowker$d1988-[1999] 215 $a11 v.$d28 cm 300 $aTrimestrale. 316 $av. 1976?$5IT-UONSI GENCI/042 (bis) smarrito 430 1$1001UON00126162$12001 $aˆThe ‰Bowker international serials database update$eformerly Ulrich's Quarterly$ea supplement to Ulrich's International Periodicals Directory and Irregular serials and annuals$1207 $aVol. 1, no. 1 (1985)-vol. 3, no. 3 (1988)$1210 $aNew York$cR.R. Bowkwe Company$d1985-1988$1215 $a3 v.$d28 cm$1300 $aTrimestrale. 606 $aPERIODICI$xCataloghi$3UONC001136$2FI 620 $aUS$dNew York$3UONL000050 686 $aUS$cSTATI UNITI - PERIODICI$2A 712 02$aBowker Company Serials Bibliography Department$3UONV079093 712 $aBowker Company$3UONV253227$4650 801 $aIT$bSOL$c20240220$gRICA 899 $aSIBA - SISTEMA BIBLIOTECARIO DI ATENEO$2UONSI$41(1988/89)-2(1990).$cA Per 1648 ; 912 $aUON00136956 950 $aSIBA - SISTEMA BIBLIOTECARIO DI ATENEO$bSI 1(1988/89)-2(1990).$dSI A Per 1648 1988/89 (1) $eSI SA 60733 7 1988/89 (1) $sBuono$dSI GEN C I 042 (bis) smarrito $eSI SA 61606 7 042 (bis) smarrito v. 1976?$dSI A Per 1648 1989/90 (2) $eSI SA 67799 7 1989/90 (2) $sBuono 996 $aUlrich's update$9104194 997 $aUNIOR